[Event "Budapest FS06 GM"]
[Site "Budapest"]
[Date "2002.06.12"]
[Round "12"]
[White "Postny, Evgeny"]
[Black "Koneru, Humpy"]
[Result "1-0"]
[WhiteElo "2482"]
[BlackElo "2486"]
[Annotator "Postny,E"]
[PlyCount "109"]
[EventDate "2002.06.01"]
[EventType "tourn"]
[EventRounds "13"]
[EventCountry "HUN"]
[EventCategory "8"]
[SourceTitle "CBM 088 Extra"]
[Source "ChessBase"]
[SourceDate "2002.07.01"]
[SourceVersion "2"]
[SourceVersionDate "2002.07.01"]
[SourceQuality "1"]

1. e4 e5 2. Nf3 Nf6 3. Nc3 Nc6 4. Bb5 Nd4 5. Ba4 Nxf3+ {The most solid line.
Other main continuations are: 5...c6 and 5...Bc5.} 6. Qxf3 {White has now some
advantage in development, but as practice shows, white can not really use this
fact and get any serious advantage in this opening variation.} c6 7. O-O d6 8.
d3 (8. h3 {- see the game Alavkin,A-Ibragimov,I /RUS-Cup7 Kstovo 1997/CBM 59 
[Tsesarsky]}) 8... Be6 (8... Be7 9. Nd5 $5 (9. Bb3 {- see the game Akhmadeev,
V-Afonin,A /RUS-Cup03 1999/CBM 70 [Tsesarsky]}) 9... h6 10. Nxe7 Qxe7 11. c3
O-O 12. Re1 Bd7 13. Bc2 Rfe8 14. h3 Rad8 15. Be3 c5 16. d4 Bc6 17. dxc5 dxc5
18. Rad1 b6 19. Bc1 Rxd1 20. Rxd1 Rd8 $11 {1/2-1/2 Prokopchuk,E-Magomedov,M/
Aeroflot Open, Moscow RUS 2002 (34)}) 9. Bb3 (9. Qe2 Nd7 10. Bb3 Nc5 11. f4
Nxb3 12. axb3 f6 13. Be3 exf4 14. Bxf4 Be7 15. d4 O-O 16. d5 Bf7 17. dxc6 bxc6
18. Ra6 $14 {1/2-1/2 Pachman,L-Gligoric,S/Madrid 1960/MCD (40)}) 9... Qd7 10.
Bxe6 Qxe6 11. Rd1 $146 (11. Qe2 Be7 12. Bd2 O-O 13. f4 exf4 14. Rxf4 d5 15. Qf3
{1/2-1/2 Ruck,T-Steinwender,W/Koszeg 1997/EXT 2001 (15)}) 11... Be7 12. d4 exd4
(12... O-O 13. d5 $14) 13. Rxd4 d5 $1 {A committing decision, and probably the
best one. Black wants to get rid of his weak Pd6 by this pawn thrust,
exploiting temporary weakness of white's first rank. It looks risky, since
black's K is still in the centre, but white must create some concrete threats
immideatly, otherwise black comfortably equalizes.} (13... O-O 14. Bf4 Nd7 $14)
14. Bg5 {The only way to put pressure on black's position.} ({After} 14. Bf4
dxe4 15. Nxe4 O-O 16. Bg5 Nd5 17. c4 Nb4 {black solves his problems.}) 14...
Qe5 {[%csl Rd4,Rg5]} (14... O-O 15. exd5 Nxd5 16. Re4 (16. Nxd5 $6 Bxg5 17. Nc7
$2 Qe5 {[%csl Rc7,Rd4]}) 16... Qd7 17. Bxe7 Nxe7 18. Rd1 Qc7 $14) 15. Bxf6 Bxf6
{The recapture by Q was safer.} (15... Qxf6 16. Qd1 {Other moves also do not
yield white any advantage.} dxe4 (16... Bc5 $2 17. Rd2 d4 18. Na4 $16) 17. Nxe4
Qe5 $11) 16. Rad1 Qg5 $2 {Wrong place for the Q.} (16... Qe7 17. R4d2 d4 (17...
Bxc3 $6 18. Qxc3 Qxe4 19. Rd4 (19. Qxg7 O-O-O $44) 19... Qf5 20. Re1+ Kd7 21.
Qb4 $36) 18. Ne2 c5 19. c3 dxc3 (19... O-O $5 20. cxd4 cxd4 21. Nxd4 Rfe8 22.
Re1 Rad8 23. Qe3 Qc5 $44) 20. Nxc3 Bxc3 21. Rd7 Qe6 22. Qxc3 O-O $14) 17. R4d2
d4 (17... Bxc3 18. Qxc3 dxe4 19. h4 $1 Qf6 20. Qxf6 (20. Qb4 Qe7) 20... gxf6
21. Rd7 $36) 18. Ne2 O-O-O (18... c5 19. Qb3 O-O 20. f4 $16) {[%tqu "En","Find
the best move for white.","","","f3a3","This strong move was probably
overlooked or underestimated by my opponent. White has big advantage now.",12,
"e2d4","",0]} 19. Qa3 $1 {[%csl Ra7,Rd4][%cal Gf2f4,Ge4e5][%mdl 2048] This
strong move was probably overlooked or underestimated by my opponent. White
has big advantage now.} (19. Nxd4 $6 Bxd4 20. Rxd4 Rxd4 21. Rxd4 Qc1+ 22. Rd1
Qxc2 $14) 19... Qe5 (19... Kb8 20. f4) 20. Qxa7 Qxe4 21. Nxd4 Bxd4 (21... Rhe8
22. g3 Bxd4 23. Rxd4 Rxd4 24. Rxd4 {with winning position.}) 22. Rxd4 Rxd4 23.
Qxd4 Qxc2 24. h3 {In spite of the material equality and symmetrical
pawnstructure the endgame is very tough for black. His main problems is -
exposed K, as well as black's R can not enter in the game - this means, that
white actually play with Q and R against black's lonely Q.} Qf5 ({In case of} 
24... Qg6 {white has several ways of increasing his advantage.} 25. Qa7 $1 (25.
a4 $5) 25... Kc7 (25... Qc2 26. Re1 $18) (25... Qh5 26. Re1 Rd8 27. Qa8+ Kc7
28. Re7+ Rd7 29. Rxd7+ Kxd7 30. Qxb7+ $18) 26. Qa5+ Kb8 27. Rd7 Qb1+ 28. Kh2
Qxb2 29. Qc7+ Ka8 30. Rxf7 {with decisive advantage.}) 25. Qxg7 Rd8 {This was
the idea of black's previous move - black's R comes into the game. However an
extra pawn should be enough for white to convert his advantage into a full
point.} 26. Rxd8+ Kxd8 27. Qd4+ (27. a3 {- was a bit more precise.}) 27... Kc7
28. a3 c5 29. Qc3 {White's position is very solid and without weakesses. My
plan now is to advance the pawn majority on the kingside and the K activation
as well.} Kd6 30. g4 Qg6 31. Kh2 b5 32. Kg3 Kc6 33. f4 Qd6 34. Qe5 $1 Qd3+ (
34... Qxe5 35. fxe5 Kd5 (35... c4 36. Kf4 Kc5 37. Kf5 b4 38. axb4+ Kxb4 39. e6
fxe6+ 40. Kxe6 Kb3 41. Kd5 $18) 36. Kf4 Kc4 37. Kf5 Kb3 38. Kf6 Kxb2 39. Kxf7
c4 40. e6 c3 41. e7 c2 42. e8=Q c1=Q 43. Qxb5+ Kxa3 44. Qd3+ {with technically
winning position.}) 35. Kh4 {Black can not prevent the advance of white's
kingswing.} Qb3 36. Qf6+ Kb7 37. Kg5 {White is intending to play 38.h4, then
39.Kh6 capturing black's kingside PP.} Qxh3 38. Qxf7+ Kb6 39. Qe6+ Ka5 40. f5
Qh2 41. Qd7 {threatening mate and covering d2 square as well.} Kb6 (41... Ka4
42. Qa7+ Kb3 43. Qxc5 Qd2+ 44. Kf6 Qd8+ 45. Ke5 $18) 42. f6 Qe5+ 43. Qf5 Qe3+
44. Qf4 h6+ 45. Kf5 Qb3 46. Qd6+ Ka5 47. Qc7+ Ka6 48. Qc6+ {gaining some time
by repetition.} Ka5 49. Qc7+ Ka6 50. f7 {One more step to the promotion...
White's K easily escapes from black's Q checks.} Qd3+ 51. Kf6 Qf3+ 52. Ke7 Qe4+
53. Kd8 Qd4+ 54. Qd7 Qf6+ 55. Kc7 1-0

[Event "London Classic 4th"]
[Site "London"]
[Date "2012.12.10"]
[Round "9"]
[White "Carlsen, Magnus"]
[Black "Anand, Viswanathan"]
[Result "1/2-1/2"]
[WhiteElo "2848"]
[BlackElo "2775"]
[Annotator "Postny,E"]
[PlyCount "121"]
[EventDate "2012.12.01"]
[EventType "tourn"]
[EventRounds "9"]
[EventCountry "ENG"]
[EventCategory "21"]
[SourceTitle "CBM 152"]
[Source "ChessBase"]
[SourceDate "2013.01.15"]
[SourceVersion "1"]
[SourceVersionDate "2013.01.15"]
[SourceQuality "1"]

{The clashes between the top rated player and the current World Champion are
always the centre of attention.} 1. e4 e5 2. Nf3 Nc6 3. Bb5 Nf6 4. d3 {As
usual, Magnus doesn't wish to enter the main line, trying, and mostly
succeeding, to outplay his opponents in the long-term battle. His choice for
the current game is understandable, as the opening knowledge of the World
Champion is way better.} Bc5 5. Nc3 d6 {Anand likes to play with knights, so
he doesn't mind allowing the exchange that now follows.} ({To avoid the
exchange of the bishop that happened in the game, Black can play} 5... O-O) 6.
Na4 Bb6 7. Nxb6 {Carlsen deviates from his previous game.} (7. O-O Bd7 8. c3
Ne7 9. Nxb6 axb6 10. Bxd7+ Qxd7 11. Bg5 Ng6 12. Bxf6 gxf6 13. Nd2 f5 $11 {
1/2-1/2 (59) Carlsen,M (2765)-Wang Yue (2689) Baku 2008}) 7... axb6 8. c3 Bd7
9. Ba4 {White's only chance for an advantage is to keep the pair of bishops,
that might tell in the long run. Therefore, he should hide his light-squared
bishop from the exchange. Still, the position is equal.} Ne7 (9... O-O 10. Bc2
Ne7 11. Bg5 Ng6 12. h4 h6 13. h5 Nf4 14. Bxf4 exf4 15. Qd2 Ra5 16. Qxf4 Rxh5
17. O-O-O Rxh1 18. Rxh1 $14 {1/2-1/2 (34) Short,N (2702)-Aronian,L (2648)
Reykjavik 2004}) 10. Bc2 Ng6 11. h3 O-O 12. O-O h6 ({In the following game
Black performed some original rook manoeuvres:} 12... Bc6 13. Re1 Re8 14. Nh2
h6 15. Ng4 Nxg4 16. Qxg4 Re6 17. g3 Rf6 18. Qh5 Bd7 19. Be3 Ra5 $1 $132 {
1/2-1/2 (48) Efimenko,Z (2637)-Almasi,Z (2640) Germany 2005}) 13. Re1 Re8 14.
d4 Bc6 $1 {Attacking the Pe4 and forcing White to make a slight concession:
either to close the centre by d4-d5 or to exchange pawns.} 15. dxe5 (15. d5 Bd7
16. c4 Nh5 $132 {[%cal Gh5f4]}) 15... dxe5 {It's obvious that Black is not
experiencing any problems.} 16. Qxd8 Rexd8 $146 (16... Raxd8 17. a4 Nh5 18. Be3
Nhf4 19. Red1 f6 $11 {1/2-1/2 (24) Balogh,C (2561)-Georgiev,K (2649) Sibenik
2007}) 17. g3 Nd7 {The knight is heading to the d3-square. In fact, only Black
can be better here.} 18. Be3 Nc5 19. Nd2 (19. Bxc5 bxc5 20. a3 $11) 19... Nf8
20. f3 Nfe6 21. h4 {Magnus is not bothered by anything.} Bb5 22. a3 Rd7 $6 {
It was more consistent to put the bishop on d3.} (22... Bd3 23. Bd1 b5 {
Even if this position is equal, everyone would like to be on the black side.})
23. b4 $1 Nd3 $6 (23... Ba4 $1 24. bxc5 Bxc2 $11 {Opposite coloured bishops
promise a future draw.}) 24. Reb1 Ba4 25. Bxa4 Rxa4 {Anand has achieved the
favourable exchange of bishops, but his knight is ensconced on d3, and just a
headache for Black.} 26. Kf1 b5 27. Ke2 Ra6 28. h5 {Fixing the kingside, just
in case.} c5 $6 {It's clear that Anand got worried that he may eventually lose
his Nd3. So, he decided to liberate it now, before it is too late, even at a
price of a pawn. In fact, concrete variations do not support his choice.} (
28... Rc6 {[%csl Rc3]} 29. c4 ({Also after} 29. Rb3 f6 30. Rd1 Kf7 31. Nf1 Rcd6
32. Rbb1 Rd8 33. Rd2 Ke7 34. Rbd1 Nb2 {the knight escapes.}) 29... b6 $1 (29...
bxc4 $2 30. b5 $16 {[%csl Rc6]}) 30. cxb5 (30. a4 bxa4 31. Rxa4 Rcd6 32. c5
bxc5 33. Nc4 Nxb4 34. Nxd6 cxd6 $11) 30... Rc2 31. a4 Nb2 32. Rc1 {[%tqu "En",
"Black can make a forced draw. How?","","","d7d2","",5]} Rdxd2+ $1 33. Bxd2
Nd4+ 34. Ke3 (34. Ke1 Nd3+ 35. Kd1 Nb2+ $11) 34... Nc4+ 35. Kd3 Nb2+ $11) 29.
bxc5 Ndxc5 30. Rxb5 Na4 31. Rc1 Rc7 32. Nb1 {Now Black has a long fight for a
draw.} f6 33. c4 b6 34. Rd5 Nac5 35. Rc2 Rc6 {All Black's pieces are well
placed. It's now up to White to show some plan of improvement.} 36. Rb2 Kh7 37.
Rb4 g6 $5 {This is controversial. It is, normally, recommended for the
defending side to exchange pawns, but now Black gets some weaknesses on the
kingside.} (37... Kg8 {[%cal Gg8f7] would be more natural.}) 38. hxg6+ Kxg6 39.
Rd2 h5 40. Nc3 $5 {Of course, every existing engine would condemn this move.
On the other hand, it seems impossible for White to achieve any progress only
by manoeuvering. Magnus is trying to activate his pieces and create some
threats against Black's vulnerable king.} Rxa3 41. Nd5 Kf7 42. Nxb6 Nb3 $1 {
The knight is heading to d4.} 43. Rd7+ Ke8 {Before playing 42...Nb3, Anand had
to bear in mind that his king might be in danger on the back rank.} 44. Rb7
Nbd4+ 45. Bxd4 Nxd4+ 46. Kd1 Kd8 $2 {After long meditation Anand decided to
keep his active pieces as they are and not to take the pawn. However, this
loss of tempi could bring him to the verge of losing.} (46... Ra1+ 47. Kd2
Nxf3+ 48. Kc3 Ng5 49. Nd5 Nxe4+ 50. Kb2 Rd1 51. Re7+ Kd8 52. Rh7 Kc8 53. Ne7+
Kc7 54. Nxc6+ Kxc6 {Black's compensation is sufficient for a draw.}) 47. Rd7+
$2 (47. Kc1 $1 {was very strong. The idea is to bring the king to b2, and push
away Black's rook from the a-file. After that White's rook will get an
opportunity to join the attack via a4.} Ne6 (47... Nxf3 48. Rg7 $1 Ne1 49. Rb5
Nd3+ 50. Kc2 Nc5 51. Nd5 $18) (47... Rxf3 $2 48. Ra4 $18 {[%csl Rd8][%cal
Ga4a8]}) 48. Kb2 Rxf3 (48... Ra6 49. Rb5 {[%cal Gb6d5]} Nc7 50. Rb3 $18) 49.
Ra4 Nc7 50. Raa7 $1 Rxg3 51. Rb8+ Ke7 52. Nd5+ Kd6 53. Rd8+ Kc5 54. Nxc7 Rb6+
55. Kc2 h4 56. Rd2 Kxc4 57. Nd5 {with good winning chances.}) 47... Ke8 48. Rb7
Kd8 $2 (48... Ra1+ $1 {- see 46...Ra1.}) 49. Nd5 $2 ({It was the last chance
for} 49. Kc1 $1) 49... Ra1+ 50. Kd2 Ra2+ 51. Rb2 (51. Kc1 {Now it wasn't so
effective.} Rc2+ 52. Kd1 R6xc4 53. Rxc4 Rxc4 54. Rh7 Rc6 {and Black will
eventually hold.} (54... Nxf3 $4 55. Rh8+ Kd7 56. Nb6+ $18)) 51... Rxb2+ 52.
Rxb2 Nxf3+ 53. Kd3 Ng5 54. Rb8+ Kd7 55. Rb7+ Kd6 56. Nxf6 Ra6 {Black is safe
now. Suddenly, all his pieces are well placed.} 57. Ne8+ Kc5 58. Rc7+ Kb4 59.
Rb7+ Kc5 60. Rc7+ Kb4 61. Rb7+ 1/2-1/2

[Event "Rohde op 07th"]
[Site "Sautron"]
[Date "2007.10.28"]
[Round "2"]
[White "Maze, Sebastien"]
[Black "Raetsky, Alexander"]
[Result "1-0"]
[WhiteElo "2576"]
[BlackElo "2410"]
[Annotator "RR"]
[PlyCount "53"]
[EventDate "2007.10.27"]
[EventType "swiss"]
[EventRounds "9"]
[EventCountry "FRA"]
[SourceTitle "EXT 2008"]
[Source "ChessBase"]
[SourceDate "2007.11.25"]
[SourceVersion "1"]
[SourceVersionDate "2007.11.25"]
[SourceQuality "1"]

1. e4 e5 2. Nf3 Nf6 3. Nc3 Nc6 4. Bb5 Nd4 (4... Bb4 {[%cal Gf6e4] plus courant}
5. O-O O-O 6. d3 d6 7. Bg5 Bxc3 8. bxc3 Qe7 9. Re1 Nd8 {[%cal Gd8e6,Gc7c6]} 10.
d4 Ne6 11. Bc1 c5 $11 {les blancs ont la paire de B mais la structure de P
donne des compensations aux noirs.}) 5. Ba4 c6 (5... Bc5 {La ligne principale}
6. Nxe5 O-O 7. Nd3 {[%cal Gd3c5]} Bb6 8. e5 Ne8 9. Nd5 {[%cal Gd5b6]} ({RR} 9.
O-O d6 10. exd6 Nf6 11. d7 Bxd7 12. Bxd7 Qxd7 13. Ne1 Rae8 14. d3 Ng4 15. Nf3
Nxf3+ 16. Qxf3 Nxf2 17. Nd5 Nxd3+ 18. Nxb6 Qd4+) 9... d6 10. Ne3 ({RR} 10. c3
Qh4 ({RR} 10... dxe5 11. Nxb6 axb6 12. cxd4 Qxd4 13. Bc2 Bf5) 11. Ne3 Qe4 12.
Nb4 dxe5 13. cxd4 exd4 14. Bc2 ({RR} 14. Qc2 Qe5 15. f4 Qxf4 16. Nc4 Qh4+ 17.
Kf1 d3 18. Nxd3 Bf5 19. Nxb6 axb6 20. Bb3 Rd8)) 10... c6 ({RR} 10... Qe7 11.
exd6 Nxd6 12. O-O c6 13. c3 N4f5 14. Ne1 Ne4 15. Bc2 Re8 16. d4 ({RR} 16. Nf3
Nxe3 17. fxe3 Bg4 18. Qe1 Rad8 19. Nd4 Bc7) 16... Bc7 17. Nd3 Qh4 18. Ne5 Bxe5
19. dxe5 Rxe5 20. f3 Nxe3 21. Bxe3 Nxc3 22. Qe1 Qe7 23. Qxc3 Rxe3 24. Rfe1
Rxe1+ 25. Rxe1) ({RR} 10... Qg5 11. f4 ({RR} 11. exd6 Nxd6 12. O-O N6f5 ({RR} 
12... Bh3 13. Kh1 Nxc2 14. Bxc2 Bxe3 15. gxh3) ({RR} 12... N4f5 13. Ne1 Nxe3 ({
RR} 13... Nh4 14. d4) 14. fxe3 Bg4 15. Nf3 Qh5 16. Qe1 c6) 13. c3 ({RR} 13. Ne1
Nxe3 ({RR} 13... Nh4 14. c3 Ne6 15. d4 Nf4 16. Kh1) 14. dxe3 Nc6 15. Bxc6 bxc6
16. Qf3) 13... Nxe3 14. dxe3 ({RR} 14. fxe3 Bg4 15. Qe1 Be2) 14... Bh3 ({RR} 
14... Bg4 15. exd4 Bxd1 16. Bxg5 Bxa4 17. Rfe1) 15. Ne1 Nc6 ({RR} 15... Ne6 16.
Kh1 Bg4 17. f3 Bh5 18. e4) 16. Bxc6 bxc6 17. Kh1 Be6 18. Qe2) 11... Qh4+ ({RR} 
11... Qg6 12. O-O f6 13. exd6 ({RR} 13. Kh1 c6) 13... Nxd6 14. Nf2 N4f5 15. Nd5
({RR} 15. Qg4 Qh6) ({RR} 15. Qf3 Nxe3 16. dxe3 Bf5) 15... Kh8 16. Nxb6 axb6 17.
c3 Rxa4 18. Qxa4 Nh4 19. g3 Nf3+ 20. Kg2 Nh4+ 21. Kg1 Nf3+ 22. Kg2 Be6) 12. g3
Qh3 13. c3 ({RR} 13. Nf2 Qe6) 13... Nf5 14. Nf2 Nxe3 15. dxe3 Qh6 ({RR} 15...
Qg2 16. Bc2) 16. exd6 Nxd6 17. O-O Bf5) ({RR} 10... Qh4 11. O-O Be6 12. c3 Ne2+
({RR} 12... Nf5 13. Bb3) 13. Kh1 ({RR} 13. Qxe2 Qxa4) 13... Bxe3 ({RR} 13...
Rd8 14. Bxe8 Nxc1 15. Bxf7+ Rxf7 16. Rxc1) 14. dxe3 ({RR} 14. Qxe2 Bxf2 15.
Qxf2 ({RR} 15. Bxe8 Bg3) 15... Qxa4 16. Nf4 Bd7) 14... Nxc1 15. Rxc1 Rd8 ({RR} 
15... Bc4 16. Bb3 Bxd3 17. Qxd3 dxe5 18. Qd5) ({RR} 15... dxe5 16. Nxe5 Rd8 17.
Nf3 Rxd1 18. Nxh4 Rxf1+ 19. Rxf1 Bxa2 20. Ra1 Bc4 21. Bxe8 Rxe8 22. Rxa7 Rd8
23. h3) 16. Bb3 dxe5) ({RR} 10... dxe5 11. Nxe5 Qg5 12. N5c4 ({RR} 12. Nf3
Nxf3+ 13. Qxf3 Bxe3 14. Bxe8 ({RR} 14. fxe3 Qh4+) ({RR} 14. dxe3 Qa5+) 14...
Bxf2+) ({RR} 12. Nd7 Bxd7 13. Bxd7 f5) ({RR} 12. Nd3 Bf5) 12... f5 13. c3 f4
14. cxd4 fxe3 15. Nxe3 Bxd4) 11. c3 Ne6 ({RR} 11... Nf5 12. O-O Bc7 13. f4 Nxe3
({RR} 13... dxe5 14. Nxe5 Nxe3 15. dxe3) 14. dxe3 Bf5 15. exd6 ({RR} 15. Bc2
Qe7 ({RR} 15... dxe5 16. Nxe5 ({RR} 16. fxe5 Bxd3 17. Bxd3 Qe7) 16... Bxc2 17.
Qxc2 Bxe5 18. fxe5 Qe7 19. Qf5)) 15... Nxd6 16. Ne5 ({RR} 16. Nf2 Re8 17. g4
Be4 18. Nxe4 Nxe4 19. Qf3 Nd2) 16... Qe7 17. Qe2 Rad8 18. Nf3 c5 19. Bc2 Rfe8
20. c4 a6) 12. Bc2 ({RR} 12. O-O Bc7 13. f4 dxe5 14. Nxe5 Nxf4) 12... dxe5 ({RR
} 12... Bc7 13. exd6 Qxd6 14. Nf5 Qd8 15. O-O) 13. Nxe5 Bxe3 14. dxe3 ({RR} 14.
fxe3 Qg5) 14... Qg5 15. Nf3 Qxg2 16. Rg1 Qh3 17. Rg3 Qh5 18. e4 Nf6 19. Qe2 Re8
20. Be3) 6. d3 ({RR} 6. Nxe5 d6 ({RR} 6... b5 7. Bb3 Nxb3 8. axb3 b4 9. Ne2
Nxe4) 7. Nf3 Bg4 8. d3 Nd7 9. Be3 Nxf3+ 10. gxf3 Bh5 11. d4 Qf6 12. Rg1 Qxf3
13. Qxf3 Bxf3) 6... b5 ({RR} 6... d6 7. Nxd4 exd4 8. Ne2 Qa5+ 9. c3 dxc3 10.
bxc3 Be7 11. Bc2 Qh5 12. f3) 7. Bb3 Nxb3 8. axb3 d6 9. h3 ({RR} 9. O-O Be7 10.
Ne2 O-O 11. Ng3 c5 12. c4 Qc7 13. Ne1 Bg4 14. f3 Be6 15. Nc2 Nd7 16. Kh1 Rfe8
17. Ne2 Qb7 18. Nc3 a6 19. Qe1 ({RR} 19. Ne3) 19... f5 20. Ne3 f4 21. Ned5 b4
22. Nd1 Nf8 23. g3 g5 {Nunn,J (2595)-Bareev,E (2670)/Hastings 1992/CBM 033/
[Ernst]/0-1 (39)}) 9... Be7 10. O-O O-O 11. Re1 (11. Be3) 11... Bb7 {Les noirs
manquent un peu d'espace} 12. Ne2 Re8 13. Ng3 {[%csl Rf5]} Bf8 14. Nf5 $14 Qc7
15. Nh2 d5 16. Qf3 Re6 17. g4 $5 a5 18. g5 Nd7 19. Ng4 $36 {[%csl Rf6,Rh6]
[%cal Gg4f6,Gg4h6]} a4 20. bxa4 Rxa4 21. Bd2 Re8 22. Qg3 Kh8 23. Rxa4 bxa4 24.
Bc3 $16 {[%csl Re5]} f6 $4 {Je n'ai pas saisi le temps de réflexion
habituellement mentionné par le russe sur ses feuilles de parties et j'ignore
s'il était en zeitnot mais il craque} (24... dxe4 25. dxe4) (24... Bc8) 25.
gxf6 gxf6 26. Kh2 c5 27. Rg1 1-0

[Event "Sautron op 15th"]
[Site "Sautron"]
[Date "2015.10.24"]
[Round "7.6"]
[White "Stany, George Anthony"]
[Black "Loiseau, Quentin"]
[Result "1/2-1/2"]
[WhiteElo "2385"]
[BlackElo "2449"]
[Annotator "RR"]
[PlyCount "50"]
[EventDate "2015.10.24"]
[EventType "swiss"]
[EventRounds "9"]
[EventCountry "FRA"]
[SourceTitle "CBM 169 Extra"]
[Source "ChessBase"]
[SourceDate "2015.12.18"]
[SourceVersion "1"]
[SourceVersionDate "2015.12.18"]
[SourceQuality "1"]
[TimeControl "40/5400+30:1800+30"]
[WhiteClock "0:15:51"]
[BlackClock "0:21:42"]

1. e4 {[%emt 0:00:00]} e5 {[%emt 0:01:43]} 2. Nf3 {[%emt 0:00:00]} Nc6 {
[%emt 0:00:11]} 3. Nc3 {[%emt 0:00:00]} Nf6 {[%emt 0:00:12]} 4. Bb5 {[%emt 0:
00:00]} Nd4 {[%emt 0:00:09]} 5. Bc4 {[%emt 0:02:30]} Bc5 {[%emt 0:00:23]} 6. d3
{[%emt 0:04:26]} (6. Nxe5 O-O 7. O-O d6 8. Nf3 Ng4 9. d3 Nxf3+ 10. Qxf3 Ne5 11.
Qg3 Nxc4 12. dxc4 Be6 13. Nd5 Bxd5 14. cxd5 Qe7 15. Bh6 f5 16. exf5 Rxf5 17.
Rae1 Qf7 18. c4 Rxf2 19. Rxf2 Bxf2+ 20. Qxf2 Qxf2+ 21. Kxf2 Rf8+ 22. Kg3 gxh6
23. Re7 Rf7 24. Re8+ Kg7 25. Ra8 a6 26. Ra7 b5 27. b3 bxc4 28. bxc4 c5 29. Rxa6
Rb7 30. Rxd6 Rb4 31. Kf4 Rxc4+ 32. Kf5 Ra4 33. Rd7+ Kf8 34. d6 Rxa2 35. Rxh7
Rxg2 {Stukopin,A (2587)-Naroditsky,D (2631) ICC INT 2015 1-0}) 6... c6 {
[%emt 0:11:42]} 7. Nxd4 {[%emt 0:15:17]} Bxd4 {[%emt 0:03:36]} 8. Qf3 {[%emt 0:
01:02]} O-O {[%emt 0:04:45]} 9. O-O {[%emt 0:02:21]} d6 {[%emt 0:02:41]} 10. h3
{[%emt 0:00:40]} Be6 $146 {[%emt 0:01:26]} (10... Bxc3 11. bxc3 h6 12. Qg3 Nh5
13. Qf3 Nf6 14. Qg3 Nh5 15. Qf3 Nf6 {1/2-1/2 (15) Inarkiev,E (2675)-Eljanov,P 
(2716) Jermuk 2009}) 11. Bb3 {[%emt 0:00:31]} a5 {[%emt 0:08:00]} 12. Ne2 {
[%emt 0:00:34]} Bc5 {[%emt 0:00:24]} 13. c3 {[%emt 0:24:17]} Bxb3 {[%emt 0:24:
30]} 14. axb3 {[%emt 0:00:09]} Qb6 {[%emt 0:00:16]} 15. Bg5 {[%emt 0:00:13]}
Nd7 {[%emt 0:01:16]} 16. Qf5 {[%emt 0:10:40]} f6 {[%emt 0:03:05]} 17. Bd2 {
[%emt 0:02:03]} Qc7 {[%emt 0:01:32]} 18. Ng3 {[%emt 0:01:44]} Rad8 {[%emt 0:03:
07]} 19. h4 {[%emt 0:04:03]} Rf7 {[%emt 0:00:40]} (19... Kh8) 20. h5 {[%emt 0:
00:49]} Nf8 {[%emt 0:00:52]} 21. Qg4 {[%emt 0:02:43]} Kh8 {[%emt 0:03:33]} 22.
Nf5 {[%emt 0:06:31]} Ne6 {[%emt 0:06:31]} 23. Nh6 {[%emt 0:05:56]} Re7 {
[%emt 0:00:06]} 24. Nf5 {[%emt 0:00:05]} Rf7 {[%emt 0:00:04]} 25. Nh6 {[%emt 0:
00:05]} Re7 {[%emt 0:00:04]} 1/2-1/2